000 00971nam a22002657a 4500
999 _c5001
_d5001
001 3854
003 BD-DhUAP
005 20201126124621.0
008 201126s1996 wiua b 001 0 eng
020 _a0697152561
040 _aDLC
_cDLC
_dBD-DhUAP
_bEng
082 0 0 _223
_a372.370973 MIL
100 1 _aMiller, Dean F.
245 1 0 _aHealth education in the elementary & middle-level school /
_cDean F. Miller, Susan K. Telljohann and Cynthia Wolford Symons.
250 _a2nd ed.
260 _aMadison, WI :
_bBrown & Benchmark Publishers,
_cc1996.
300 _axi, 372 pages :
_billustrations ;
_c26 cm.
500 _aRev. ed. of: Health education in the elementary school. c1992.
504 _aIncludes bibliographical references and index.
650 0 _aHealth education (Elementary)
_zUnited States.
650 0 _aHealth education (Middle school)
_zUnited States.
700 1 _aTelljohann, Susan Kay.
700 2 _aSymons, Cynthia Wolford.
942 _2ddc
_cBK